Catalog

Record Details

Catalog Search



What makes an ocean wave? : questions and answers about oceans and ocean life  Cover Image Book Book

What makes an ocean wave? : questions and answers about oceans and ocean life / by Melvin and Gilda Berger.

Berger, Melvin. (Author). Berger, Gilda. (Added Author).

Summary:

Provides information about various aspects of the world's oceans--waves, tides, the food chain, marine creatures, coastlines, and more.

Record details

  • ISBN: 0439095883
  • ISBN: 0439095891
  • ISBN: 0439148820
  • Physical Description: 48 pages : color illustrations ; 21 x 26 cm.
  • Publisher: New York : Scholastic, 2000.

Content descriptions

General Note:
Includes index.
Subject: Oceanography > Miscellanea > Juvenile literature.
Marine ecology > Miscellanea > Juvenile literature.
Ocean > Miscellanea > Juvenile literature.
Ocean > Miscellanea.
Marine animals > Miscellanea.
Questions and answers.

Available copies

  • 1 of 1 copy available at scottsboropl.

Holds

  • 0 current holds with 1 total copy.
Show Only Available Copies
Location Call Number / Copy Notes Barcode Shelving Location Status Due Date
scottsboropl E 591.46 Ber 32269000653561 Juvenile - Easy NonFiction Available -

LDR 01498cam a2200385 a 4500
001126245
003CONS
00520140703073303.0
008990727s2000 nyua b 001 0 eng
010 . ‡a 99041771
020 . ‡a0439095883
020 . ‡a0439095891
020 . ‡a0439148820
035 . ‡a(CPomAG)LMN493472
042 . ‡apcc ‡alcac
05000. ‡aGC21.5 ‡b.B48 2000
08200. ‡a551.46 ‡221
1001 . ‡aBerger, Melvin.
24510. ‡aWhat makes an ocean wave? : ‡bquestions and answers about oceans and ocean life / ‡cby Melvin and Gilda Berger.
260 . ‡aNew York : ‡bScholastic, ‡c2000.
300 . ‡a48 pages : ‡bcolor illustrations ; ‡c21 x 26 cm.
4901 . ‡aScholastic question and answer series
500 . ‡aIncludes index.
520 . ‡aProvides information about various aspects of the world's oceans--waves, tides, the food chain, marine creatures, coastlines, and more.
650 0. ‡aOceanography ‡vMiscellanea ‡vJuvenile literature.
650 0. ‡aMarine ecology ‡vMiscellanea ‡vJuvenile literature.
650 0. ‡aOcean ‡vMiscellanea ‡vJuvenile literature.
650 1. ‡aOcean ‡vMiscellanea.
650 1. ‡aMarine animals ‡vMiscellanea.
650 1. ‡aQuestions and answers.
7001 . ‡aBerger, Gilda.
8001 . ‡aBerger, Melvin. ‡tScholastic question and answer series
914 . ‡dLMN_cm
959 . ‡i32269000653561 ‡lJ551.46 Ber ‡aJuvenile - NonFiction ‡tJuv Nonfiction ‡g17.00
852 . ‡p32269000653561 ‡jJ551.46 Ber ‡gJuvenile - NonFiction ‡cJuv Nonfiction ‡y17.00 ‡bSBPL
901 . ‡a126245 ‡bUnknown ‡c126245 ‡tbiblio

Additional Resources